Sociología de la vida cotidiana

Gespeichert in:
Bibliographische Detailangaben
1. Verfasser: Heller, Agnes (VerfasserIn)
Format: Buch
Sprache:Spanisch
Veröffentlicht: Barcelona Península 1998
Ausgabe:5a. ed
Schriftenreihe:Historia, Ciencia, Sociedad, 144
Schlagworte:
Tags: Tag hinzufügen
Keine Tags, Fügen Sie den ersten Tag hinzu!

MARC

LEADER 00000nam a2200000 a 4500
001 UCO6979
003 CL-VaPUC
008 001103e19980000SP |||||||||||||||||spa|d
020 |a 8483071703 
082 0 4 |a 301  |b HEL  |2 21 
100 |a Heller, Agnes  |e author  |9 586981 
245 1 0 |a Sociología de la vida cotidiana 
250 |a 5a. ed 
300 |a 418 p 
942 |c BK 
945 |d 20001103 00:00:00  |a vberengu 
260 |a Barcelona  |b Península  |c 1998 
650 0 |a Antropología cultural y social   |9 265143 
650 0 |a Sociedad  |9 307903 
650 0 |a Sociología   |9 255410 
583 |a last modification  |c 20001103 00:00:00  |k Rodrigo Vera 
490 0 |a Historia, Ciencia, Sociedad, 144 
999 |c 292214  |d 292212 
952 |0 0  |1 0  |4 0  |6 301_000000000000000_HEL_1998  |7 0  |8 A  |9 342900  |a BIBGIM  |b BIBGIM  |d 2019-11-20  |i 3664937  |l 1  |m 1  |o 301 HEL 1998  |p 3664937  |r 2025-01-15  |s 2023-11-09  |w 2019-11-20  |y BK  |k GIM 
952 |0 0  |1 0  |4 0  |6 301_000000000000000_HEL_1998  |7 0  |8 A  |9 342901  |a BIBGIM  |b BIBGIM  |d 2019-11-20  |i 3664945  |l 1  |o 301 HEL 1998  |p 3664945  |r 2025-01-15  |s 2023-11-16  |w 2019-11-20  |y BK  |k GIM 
952 |0 0  |1 0  |4 0  |6 301_000000000000000_HEL_1998  |7 0  |8 A  |9 342902  |a BIBGIM  |b BIBGIM  |d 2019-11-20  |i 3969282  |l 4  |m 2  |o 301 HEL 1998  |p 3969282  |r 2025-01-15  |s 2024-11-25  |w 2019-11-20  |y BK  |k GIM